Základní metody výpočtu hodnoty podniku v tržních podmínkách.

Súčasť seriálu článkov o účtovníctve, burzách a hodnotení podnikov. Opis konkrétnych metód, používaných najmä pri takom priamom vyjednávaní, kedy i kupujúci má k dispozícii pomerne širší rozsah informácií o príslušnom podniku, než pri burzových operáciách.

Na minha lista:
Detalhes bibliográficos
Autor principal: Schroll, R.
Formato: Capítulo de Livro
Idioma:tcheco
Assuntos:
Tags: Adicionar Tag
Sem tags, seja o primeiro a adicionar uma tag!

MARC

LEADER 00000naa a2200000 4500
001 r008157
005 20220831085456.9
041 0 |a cze 
044 |a [CS] 
245 1 0 |a Základní metody výpočtu hodnoty podniku v tržních podmínkách.  |c R. Schroll 
520 |a Súčasť seriálu článkov o účtovníctve, burzách a hodnotení podnikov. Opis konkrétnych metód, používaných najmä pri takom priamom vyjednávaní, kedy i kupujúci má k dispozícii pomerne širší rozsah informácií o príslušnom podniku, než pri burzových operáciách. 
610 2 0 |a oceňovanie ekonomické 
610 2 0 |a podnik 
100 1 |a Schroll, R.